00741nam a2200205Ia 4500003000900000008004100009020002200050040001600072080001200088245010500100260004800205300001300253650002200266650004300288650001900331700003400350942000700384999001700391952012700408IN-BaIIA211028s9999 xx 000 0 eng d a978-0-521-88779-3 cIIA Library a52bSTR 0aStructure formation in astrophysicscedited by Gilles Chabrier  aCambridgebCambridge University Pressc2009 ax, 444p. aAstrophysics9794 aLarge scale structure-astronomy930451 aStar formation aChabrier, Gilles., ed.932764 cBK c17369d17369 00104070aBANbBANcGENd2009-07-02eDDR g425.00l0o52/ STRp18291r2021-11-05v425.00w2009-07-02yBKGRs. 425.00